000 00340nam a22001457a 4500
008 210312b ||||| |||| 00| 0 eng d
020 _a2901111832611
041 _aeng
080 _210th
_a7
082 _210th
100 _a44
101 _aART
245 _aEarly Childhood Experiences in Language Arts
_cMachado,M.J
942 _2udc
_cBK
999 _c56602
_d56602